DUCK AND A BOOK (Record no. 264307)
[ view plain ]
| 000 -LEADER | |
|---|---|
| fixed length control field | 00179nam a22000857a 4500 |
| 100 ## - MAIN ENTRY--AUTHOR NAME | |
| Personal name | David Shannon |
| 245 ## - TITLE STATEMENT | |
| Title | DUCK AND A BOOK |
| 260 ## - PUBLICATION, DISTRIBUTION, ETC. (IMPRINT) | |
| Place of publication | USA |
| Name of publisher | Sholastic Inc |
| Year of publication | 2005 |
| 942 ## - ADDED ENTRY ELEMENTS (KOHA) | |
| Koha item type | Long Loan Books |
No items available.
